000
00318nam a22001217a 4500
008
240920b |||||||| |||| 00| 0 eng d
100
_a
R K Singh
245
_a
VLSI Technology Design & Basics of Microelectronics
260
_a
Delhi
_b
S K Kataria & Sons.
_c
2003
300
_a
419
650
_a
BB-ECE
942
_2
ddc
_c
BK
999
_c
20873
_d
20873